00490nam a2200169Ia 4500100001700000650001300017942000700030366000700037654001300044245002100057260003400078082001300112300000800125546002400133999001700157952014600174 aRao/Kanta B  aEmbedded cBK f25 aembedded aEmbedded systems bPrentice -Hall of Indiac2011 a3.3bRAO a540 aENGLISHcPAMPHALETS c22768d22768 001040708CRCaCRCEbCRCEd2023-03-17eAllied Publishersg296.25i3536 dt 21/03/2012l0o3.3 RAOp22005r2023-03-17v395.00w0000-00-00yBK